India's glorious scientific tradition (Record no. 979)

MARC details
000 -LEADER
fixed length control field 00725 a2200193 4500
008 - FIXED-LENGTH DATA ELEMENTS--GENERAL INFORMATION
fixed length control field 080821t xxu||||| |||| 00| 0 eng d
010 ## - LIBRARY OF CONGRESS CONTROL NUMBER
LC control number ENG-85065
020 ## - INTERNATIONAL STANDARD BOOK NUMBER
International Standard Book Number 818430028X
Terms of availability 300.00
035 ## - SYSTEM CONTROL NUMBER
System control number EN-68598
037 ## - SOURCE OF ACQUISITION
Source of stock number/acquisition D.B.Act / Pub
082 ## - DEWEY DECIMAL CLASSIFICATION NUMBER
Classification number 500.954
100 ## - MAIN ENTRY--PERSONAL NAME
Personal name Soni, Suresh
245 ## - TITLE STATEMENT
Title India's glorious scientific tradition
Statement of responsibility, etc by Suresah Soni
260 ## - PUBLICATION, DISTRIBUTION, ETC. (IMPRINT)
Place of publication, distribution, etc New Delhi
Name of publisher, distributor, etc Ocean Books
Date of publication, distribution, etc 2006
270 ## - ADDRESS
Address 4/19, Asaf Ali Road,
City New Delhi
State or province Delhi
Postal code 110002
300 ## - PHYSICAL DESCRIPTION
Extent 247 p.
Dimensions 22 cm. (Hb)
942 ## - ADDED ENTRY ELEMENTS (KOHA)
Institution code [OBSOLETE] dpl
Koha item type English Books
Call number prefix 500.954 / SON
Source of classification or shelving scheme Dewey Decimal Classification
Classification part 500.954
Call number suffix SON
Holdings
Withdrawn status Lost status Damaged status Not for loan Home library Current library Date acquired Cost, normal purchase price Total Checkouts Full call number Barcode Date last seen Copy number Uniform Resource Identifier Cost, replacement price Price effective from Koha item type
        D.B.Act.Division D.B.Act.Division 21/08/2008 300.00   500.954 SON EN-68598 15/09/2008 1 1043 300.00 15/09/2008 English Books

© Delhi Public Library
Hit Counter
free hit counter